000 00785nam a2200229 i 4500
001 95982
003 ES-MaACL
005 20250828114020.0
007 t|
008 180412s1953 sp ||||1| spa d
100 0 _aJean le Presbytre.
_966236
245 1 0 _aTe vas haciendo hombre­ /
_cJuan el Presbítero ; [adaptación española, José Arbeo].
260 _aBilbao :
_bDesclée de Brouwer,
_c1953.
300 _a215 p., 7 lám. p. ;
_c19 cm.
490 1 _aEducación y familia
500 _aEl autor consta en el verso de la port.
650 7 _aEducación cristiana de jóvenes
_2embne
_912091
700 0 _aArbeo, José.
_922390
830 0 0 _aColección educación y familia (Desclée de Brouwer)
_9182029
852 _aES-MaACL
_jC-7905
999 _c95982
_d95982